00887cam a2200229 a 4500999001700000001000800017005001700025008004100042010001700083020002500100043001200125050002100137100001900158245011500177250002100292260007900313300004100392600001900433650005000452942003300502952012200535 c19372d19372382366620170116105213.0860508r1986 nyua 000 0 eng  a 86012230  a0517564300 :c$22.50 ae-uk-en00aNK8667.L4A4 19861 aLe Grice, Lyn.14aThe art of stencilling /bby Lyn Le Grice :cforeword by H.R.H. Michael of Kent ; photographs by David Cripps. a1st American ed. aNew York :bClarkson N. Potter :bDistributed by Crown Publishers,cc1986. a160 p. :bill. (some col.) ;c28 cm.10aLe Grice, Lyn. 0aStencil workzEnglandxHistoryy20th century. 2lcccBOOKShNK8667.L4A4 1986 00102lcc4070aMUCbMUCcTECHd2017-01-16eDonation(BFA)l0oNK8667.L4A4 1986p29603r2018-07-18w2017-01-16yBOOKS